000 00296nam a2200121Ia 4500
008 190216s9999||||xx |||||||||||||| ||und||
100 _aNilakanta Iyer Na
245 0 _aInternediate Practical Physics
260 _bThe Alliance Printing
_c1952
300 _a20p
650 _aPhysics
942 _cBK
999 _c32711
_d32711